[Event "Pedernera Region op"]
[Site "Villa Mercedes"]
[Date "2016.07.??"]
[Round "3.3"]
[White "Cordon, Diego Raul"]
[Black "Escobar, Matias"]
[Result "0-1"]
[WhiteElo "1000"]
[BlackElo "1045"]
[PlyCount "42"]
[EventDate "2016.07.13"]
[EventType "swiss (rapid)"]
[EventRounds "6"]
[EventCountry "ARG"]
[SourceTitle "EXT 2024"]
[Source "ChessBase"]
[SourceDate "2023.10.10"]
[SourceVersion "1"]
[SourceVersionDate "2023.10.10"]
[SourceQuality "1"]

1. e4 e5 2. Nf3 Nc6 3. Bc4 Nf6 4. d3 h6 5. 0-0 Bc5 6. Nc3 d6 7. h3 a6 8. a3 Be6 9. Bxe6 fxe6 10. b4 Ba7 11. Bb2 0-0 12. Qd2 Qe8 13. Ne2 Rd8 14. Ng3 Qg6 15. d4 Nxe4 16. Qd3 d5 17. Nxe5 Nxe5 18. dxe5 Qxg3 19. Qxg3 Nxg3 20. Kh2 Nxf1+ 21. Rxf1 Rxf2 0-1

[Event "Pedernera Region op"]
[Site "Villa Mercedes"]
[Date "2016.07.??"]
[Round "2.1"]
[White "Escobar, Matias"]
[Black "Amaya, Martin"]
[Result "1/2-1/2"]
[WhiteElo "1045"]
[BlackElo "1756"]
[PlyCount "86"]
[EventDate "2016.07.13"]
[EventType "swiss (rapid)"]
[EventRounds "6"]
[EventCountry "ARG"]
[SourceTitle "EXT 2024"]
[Source "ChessBase"]
[SourceDate "2023.10.10"]
[SourceVersion "1"]
[SourceVersionDate "2023.10.10"]
[SourceQuality "1"]

1. e4 e5 2. Nf3 Nc6 3. Bc4 Be7 4. 0-0 Nf6 5. Nc3 0-0 6. a3 d6 7. h3 Be6 8. Qe2 Bxc4 9. Qxc4 Qd7 10. d4 Nxd4 11. Nxd4 exd4 12. Qxd4 Rfe8 13. Re1 Qe6 14. Bd2 Qe5 15. Qxe5 dxe5 16. Rad1 Rad8 17. Be3 a6 18. f3 Kf8 19. Bg5 c6 20. Rxd8 Rxd8 21. Rd1 Rxd1+ 22. Nxd1 Bc5+ 23. Be3 Nd7 24. b4 Bxe3+ 25. Nxe3 Nb6 26. Kf2 f6 27. Ke2 g6 28. Kd3 Ke7 29. c4 Ke6 30. g4 Nd7 31. c5 b5 32. cxb6 Nxb6 33. Nc4 Nxc4 34. Kxc4 Kd6 35. a4 g5 36. b5 cxb5+ 37. axb5 a5 38. b6 Kc6 39. b7 Kxb7 40. Kb5 a4 41. Kxa4 Ka6 42. Kb4 Kb6 43. Kc4 Kc6 1/2-1/2